Concepts in magnetochemistry (Record no. 176635)

000 -LEADER
fixed length control field 00353nam a2200133Ia 4500
008 - FIXED-LENGTH DATA ELEMENTS--GENERAL INFORMATION
fixed length control field 220217s9999||||xx |||||||||||||| ||und||
020 ## - INTERNATIONAL STANDARD BOOK NUMBER
International Standard Book Number 81-7890-152-8
082 ## - DEWEY DECIMAL CLASSIFICATION NUMBER
Classification number 541.378 SYL
100 ## - MAIN ENTRY--PERSONAL NAME
Personal name Sylvin, Morris
9 (RLIN) 5606
245 #0 - TITLE STATEMENT
Title Concepts in magnetochemistry
260 ## - PUBLICATION, DISTRIBUTION, ETC.
Place of publication, distribution, etc. IVY publishing house
Name of publisher, distributor, etc. Delhi
Date of publication, distribution, etc. 2007
300 ## - PHYSICAL DESCRIPTION
Other physical details 350
650 ## - SUBJECT ADDED ENTRY--TOPICAL TERM
Topical term or geographic name entry element CHEMISTRY
Holdings
Withdrawn status Lost status Damaged status Not for loan Collection code Home library Current library Shelving location Date acquired Full call number Barcode Date last seen Price effective from Koha item type
        Computer Science and Engineering Central Library Central Library Book Cart 02/18/2022 541.378 SYL 11824 02/18/2022 02/18/2022 Books

Powered by Koha